| 000 | 00768nam a2200229 a 4500 | ||
|---|---|---|---|
| 001 | 61114 | ||
| 003 | BD-RjUL | ||
| 005 | 20211209080925.0 | ||
| 008 | 170115s1970 ii b 001 0 eng d | ||
| 035 | _a(BD-RjUL)61238 | ||
| 040 |
_aDLC _cDLC _dDLC _dBD-RjUL _beng |
||
| 041 | _aeng | ||
| 082 | 0 | 0 |
_a409.54 _223 _bGUL 1970 |
| 100 | 1 |
_aGupta, Jyotirindra Das _9182372 |
|
| 245 | 1 | 0 |
_aLanguage conflict and national development : _bgroup politics and national language policy in India / _cJyotirindra Das Gupta, |
| 260 |
_aBombay : _bUniversity of California Press, _c1970. |
||
| 300 |
_aviii, 293 p. ; _c24 cm. |
||
| 504 | _aIncludes Bibliography and Index | ||
| 650 |
_aLanguage and languages _zIndia _9182373 |
||
| 651 | 0 |
_aIndia _xLanguages. _9182116 |
|
| 942 |
_2ddc _cBK |
||
| 999 |
_c61114 _d61114 |
||